000 00669nam a22002297a 4500
003 UA-OsUOA
001 42308
007 ta
008 20061101b un ||||| |||| 00| 0 ukr d
100 _aГужва Ф. К.
090 _a811.161.1
_bГ93
942 _cBK
040 _aUA-OsUOA
_brus
_cUA-OsUOA
_dUA-OsUOA
245 _aСовременный русский литературный язык
300 _a276 с.
955 _a2
041 _arus
080 _a811.161.1
260 _aК.
_bВища школа
_c1979
650 7 _a8 Мовознавство. Художня література. Літературознавство
_2UDC
999 _c328441
_d328441